000 00722nam a2200181Ia 4500
008 100921s9999 xx 000 0 und d
082 _b41600
_a294.563 0
100 _aनूलकर व.कृ.संपा.
245 _aसार्थ श्री ज्ञानेश्वरी.
260 _bकुलकर्णी डी.एस.फौडेशन,पुणे.
_c0
300 _a1009
_b---
365 _b120
520 _aधर्म-संत संहित्य.
630 _aसार्थ श्री ज्ञानेश्वरी.
650 _aधर्म-संत संहित्य.
730 _aसार्थ श्री ज्ञानेश्वरी.
942 _cBOOK
999 _c790713
_d790710